Kỹ xảo day bấm huyệt trị bệnh trong gia đình

Tài liệu có hai phần: Phần xoa bóp dưỡng sinh ( tự xoa bóp ) và xoa bóp trị liệu.

保存先:
書誌詳細
第一著者: Lý Ngọc Điền
フォーマット: 図書
言語:Undetermined
出版事項: Thanh Hóa Nxb. Thanh Hóa 2000
主題:
タグ: タグ追加
タグなし, このレコードへの初めてのタグを付けませんか!
Thư viện lưu trữ: Trung tâm Học liệu Trường Đại học Cần Thơ
LEADER 00685nam a2200181Ia 4500
001 CTU_39477
008 210402s9999 xx 000 0 und d
082 |a 613.7 
082 |b Đ305 
100 |a Lý Ngọc Điền 
245 0 |a Kỹ xảo day bấm huyệt trị bệnh trong gia đình 
245 0 |c Lý Ngọc Điền, Trần Sinh 
260 |a Thanh Hóa 
260 |b Nxb. Thanh Hóa 
260 |c 2000 
520 |a Tài liệu có hai phần: Phần xoa bóp dưỡng sinh ( tự xoa bóp ) và xoa bóp trị liệu. 
650 |a massage therapy,mechanotherapy,physical fitness 
980 |a Trung tâm Học liệu Trường Đại học Cần Thơ